| 000 | 00343nam a2200121Ia 4500 | ||
|---|---|---|---|
| 005 | 20251222141928.0 | ||
| 008 | 251222s9999||||xx |||||||||||||| ||spa|| | ||
| 082 | _a394/O73 | ||
| 100 | _aOrtega, Julio | ||
| 245 | 0 | _aCultura y Modernización en la Lima del 900 | |
| 264 | _bCentro de estudios para el desarrollo y la participación | ||
| 942 | _cLIB | ||
| 999 |
_c8944 _d8944 |
||